| 000 | 00776nam a2200253 a 4500 | ||
|---|---|---|---|
| 001 | BRCA_4622 | ||
| 005 | 20190320204736.0 | ||
| 008 | 270910s1959----sp-a######---#000-0#spa-# | ||
| 041 | _aspa | ||
| 044 | _asp | ||
| 050 | 4 |
_aZ999 _b.A44 1959 |
|
| 245 | 1 | 0 |
_aAmericana _blibros antiguos Granata. |
| 260 |
_aEspaña _bGranata _c1959 |
||
| 300 |
_a1 v. (en varias paginaciones) _bil. _c28 cm. |
||
| 500 | _aSuplementos 1o, 2o y 3o, Núm. 8 noviembre, 1959 | ||
| 500 | _aEstado físico: Cubierta desprendida | ||
| 500 | _aBoletín inventariado por Banco de México como libro | ||
| 500 | _aCFG8 | ||
| 650 | 1 | 4 |
_aLibreros anticuarios _zEspaña _911700 |
| 650 | 1 | 4 |
_aLibros antiguos _zEspaña _911701 |
| 650 | 1 | 4 |
_aLibros raros _zEspaña _911702 |
| 902 | _aGFM | ||
| 942 |
_2lcc _cB |
||
| 999 |
_c4327 _d4327 |
||